Manual sobre la preparación de materiales de lectura para adultos

Na minha lista:
Detalhes bibliográficos
Main Authors: Contreras, Luis (Author), Bitzer, Oscar (Author), Lallana, Francisco (Author), González, Alberto (Author), Giménez, Aleida (Author)
Formato: Livro
Idioma:espanhol
Publicado em: Caracas Centro Regional de Educación de Adultos 1972
Assuntos:
Tags: Adicionar Tag
Sem tags, seja o primeiro a adicionar uma tag!

MARC

LEADER 00000nam a2200000 a 4500
001 UCU0891
003 CL-VaPUC
008 960329e19720000VE |||||||||||||||||spa|d
082 0 4 |a 374.2  |b CON  |2 21 
100 0 |a Contreras, Luis  |e author  |9 356359 
700 0 |a Bitzer, Oscar  |e author  |9 356360 
700 0 |a Lallana, Francisco  |e author  |9 356361 
700 0 |a González, Alberto  |e author  |9 356362 
700 0 |a Giménez, Aleida  |e author  |9 356363 
245 1 0 |a Manual sobre la preparación de materiales de lectura para adultos 
300 |a 115 p 
942 |c BK 
945 |d 19960329 00:00:00  |a cmena 
260 |a Caracas  |b Centro Regional de Educación de Adultos  |c 1972 
650 0 |a Educación de adultos  |9 307580 
650 7 |a MATERIAL Y EQUIPO DIDACTICOS  |2 CL-VaPUC  |9 309109 
650 0 |a Alfabetización de adultos   |9 310117 
583 |a last modification  |c 19960329 00:00:00  |k Rodrigo Vera 
999 |c 245669  |d 245667 
952 |0 0  |1 0  |4 0  |6 374_200000000000000_CON_1972  |7 0  |8 P  |9 260252  |a BIBEDU  |b BIBEDU  |c BIBEDU_PB  |d 2019-11-19  |i 1638246  |o 374.2 CON 1972  |p 1638246  |r 2024-01-25  |w 2019-11-19  |y BK  |k EDU